Tropical soils and soil survey / (Record no. 31636)
[ view plain ]
| 000 -LEADER | |
|---|---|
| fixed length control field | 01083cam a2200313 i 4500 |
| 001 - CONTROL NUMBER | |
| control field | 4107433 |
| 003 - CONTROL NUMBER IDENTIFIER | |
| control field | OSt |
| 005 - DATE AND TIME OF LATEST TRANSACTION | |
| control field | 20220224152325.0 |
| 008 - FIXED-LENGTH DATA ELEMENTS--GENERAL INFORMATION | |
| fixed length control field | 750723s1976 enka b 001 0 eng |
| 010 ## - LIBRARY OF CONGRESS CONTROL NUMBER | |
| LC control number | 75019573 |
| 015 ## - NATIONAL BIBLIOGRAPHY NUMBER | |
| National bibliography number | GB*** |
| 020 ## - INTERNATIONAL STANDARD BOOK NUMBER | |
| International Standard Book Number | 0521210542 : |
| Terms of availability | $24.00 |
| 040 ## - CATALOGING SOURCE | |
| Original cataloging agency | DLC |
| Transcribing agency | HU |
| Modifying agency | DLC |
| 050 00 - LIBRARY OF CONGRESS CALL NUMBER | |
| Classification number | S599.9.T76 |
| Item number | Y68 |
| 082 00 - DEWEY DECIMAL CLASSIFICATION NUMBER | |
| Classification number | 631.4/913 |
| 100 1# - MAIN ENTRY--PERSONAL NAME | |
| Personal name | Young, Anthony. |
| 9 (RLIN) | 13954 |
| 245 10 - TITLE STATEMENT | |
| Title | Tropical soils and soil survey / |
| Statement of responsibility, etc. | Anthony Young. |
| 260 ## - PUBLICATION, DISTRIBUTION, ETC. | |
| Place of publication, distribution, etc. | Cambridge ; |
| -- | New York : |
| Name of publisher, distributor, etc. | Cambridge University Press, |
| Date of publication, distribution, etc. | 1976. |
| 300 ## - PHYSICAL DESCRIPTION | |
| Extent | viii, 468 p. : |
| Other physical details | ill. ; |
| Dimensions | 24 cm. |
| 440 #0 - SERIES STATEMENT/ADDED ENTRY--TITLE | |
| Title | Cambridge geographical studies ; |
| Volume/sequential designation | 9 |
| 9 (RLIN) | 31607 |
| 500 ## - GENERAL NOTE | |
| General note | Includes index. |
| 504 ## - BIBLIOGRAPHY, ETC. NOTE | |
| Bibliography, etc. note | Bibliography: p. 436-457. |
| 650 #0 - SUBJECT ADDED ENTRY--TOPICAL TERM | |
| Topical term or geographic name entry element | Soils |
| Geographic subdivision | Tropics. |
| 9 (RLIN) | 31608 |
| 650 #0 - SUBJECT ADDED ENTRY--TOPICAL TERM | |
| Topical term or geographic name entry element | Soil surveys |
| Geographic subdivision | Tropics. |
| 9 (RLIN) | 31609 |
| 856 41 - ELECTRONIC LOCATION AND ACCESS | |
| Materials specified | Table of contents only |
| Uniform Resource Identifier | <a href="http://www.loc.gov/catdir/enhancements/fy1002/75019573-t.html">http://www.loc.gov/catdir/enhancements/fy1002/75019573-t.html</a> |
| 856 42 - ELECTRONIC LOCATION AND ACCESS | |
| Materials specified | Publisher description |
| Uniform Resource Identifier | <a href="http://www.loc.gov/catdir/enhancements/fy1002/75019573-d.html">http://www.loc.gov/catdir/enhancements/fy1002/75019573-d.html</a> |
| 906 ## - LOCAL DATA ELEMENT F, LDF (RLIN) | |
| a | 7 |
| b | cbc |
| c | orignew |
| d | 1 |
| e | ocip |
| f | 19 |
| g | y-gencatlg |
| 942 ## - ADDED ENTRY ELEMENTS (KOHA) | |
| Source of classification or shelving scheme | Dewey Decimal Classification |
| Koha item type | Books like text book referance book |
| Suppress in OPAC | No |
| Withdrawn status | Lost status | Source of classification or shelving scheme | Damaged status | Not for loan | Collection code | Home library | Current library | Shelving location | Date acquired | Total Checkouts | Full call number | Barcode | Date last seen | Copy number | Price effective from | Koha item type |
|---|---|---|---|---|---|---|---|---|---|---|---|---|---|---|---|---|
| Dewey Decimal Classification | Reference | Wondo Genet Library | Wondo Genet Library | General Stacks | 02/24/2022 | 631.4'913 YOU 1976 | WGCFNRL00012129 | 02/24/2022 | 1 | 02/24/2022 | Books like text book referance book | |||||
| Dewey Decimal Classification | Reference | Wondo Genet Library | Wondo Genet Library | General Stacks | 02/24/2022 | 631.4'913 YOU 1976 | WGCFNRL00012130 | 02/24/2022 | 2 | 02/24/2022 | Books like text book referance book | |||||
| Dewey Decimal Classification | Damaged | Reference | Wondo Genet Library | Wondo Genet Library | General Stacks | 03/21/2022 | 631.4'913 YOU 1976 | WGCFNRL00014033 | 03/21/2022 | 3 | 03/21/2022 | Books like text book referance book | ||||
| Dewey Decimal Classification | Non-fiction | Wondo Genet Library | Wondo Genet Library | General Stacks | 03/31/2022 | 631.4/913 YOU 1976 | WGCFNRL00015254 | 03/31/2022 | 4 | 03/31/2022 | Books like text book referance book |